Seguridad de las ONG sobre el terreno /

Gardado en:
Detalles Bibliográficos
Autor Principal: Martin, Randolph
Formato: Texto
Etiquetas: Engadir etiqueta
Sen Etiquetas, Sexa o primeiro en etiquetar este rexistro!

MARC

LEADER 00000 a a2200000 04500
001 9728
003
040
100 |a Martin, Randolph  
245 |a Seguridad de las ONG sobre el terreno /  |c Randolph Martin 
773 |g número 3; páginas 4-7  
999 |c 26091  |d 26091